| 000 | 00598nam a2200241Ia 4500 | ||
|---|---|---|---|
| 003 | OSt | ||
| 005 | 20220916111010.0 | ||
| 006 | a|||||r|||| 00| 0 | ||
| 007 | ta | ||
| 008 | 220915b |||||||| |||| 00| 0 eng d | ||
| 024 | _a93350 | ||
| 037 | _cTextbook | ||
| 040 |
_beng _aARTS _cARTS |
||
| 041 | _aeng | ||
| 082 | _aU:6:N5, J3 | ||
| 100 | _aBeaver S H | ||
| 245 | 0 | _aRegional geography for advanced and scholarship courses | |
| 260 | _c1953 | ||
| 650 | _aGEOGRAPHY | ||
| 700 | _a Stamp D | ||
| 942 |
_hU:6:N5, J3 _cTB _2CC |
||
| 999 |
_c102968 _d102968 |
||